LEADER 01064nam--2200349---450- 001 990003178230203316 005 20081125161827.0 010 $a978-88-498-2037-9 035 $a000317823 035 $aUSA01000317823 035 $a(ALEPH)000317823USA01 035 $a000317823 100 $a20081125d2008----km-y0itay50------ba 101 $aita 102 $aIT 105 $a||||||||001yy 200 1 $a<>Italia vista dall'Europa$etestimonianza da Bruxelles$fGiancarlo Chevallard 210 $aSoveria Mannelli$cRubettino$d2008 215 $a214 p.$d24 cm 225 2 $aCollana di studi diplomatici$v19 410 0$1001$12001$aCollana di studi diplomatici 606 0 $aItalia$xRapporti [con l']Unione europea$2BNCF 676 $a327.4504 700 1$aCHEVALLARD,$bGiancarlo$0517728 801 0$aIT$bsalbc$gISBD 912 $a990003178230203316 951 $a327.450 CHE 1$b61770 G.$c327.450$d00168486 959 $aBK 969 $aECO 979 $aPATRY$b90$c20081125$lUSA01$h1618 996 $aItalia vista dall'Europa$9848859 997 $aUNISA LEADER 01025nam0-22002771i-450 001 990001684430403321 005 20190807103439.0 035 $a000168443 035 $aFED01000168443 035 $a(Aleph)000168443FED01 035 $a000168443 100 $a20030910d1975----km-y0itay50------ba 101 0 $aita 200 1 $aProgramma coordinato di sperimentazione irrigua per il Mezzogiorno$erelazioni alle giornate di studio della Commissione internazionale di genio rurale, Firenze, 12-16 settembre 1972$fCassa per il Mezzogiorno 210 $aFirenze$cCassa per il Mezzogiorno$d1975 215 $aVIII, 467 p.$d26 cm 610 0 $aIrrigazione 676 $a631.7 710 02$aCassa per opere straordinarie di pubblico interesse nell'Italia meridionale$0287783 801 0$aIT$bUNINA$gRICA$2UNIMARC 901 $aBK 912 $a990001684430403321 952 $a60 631.7 COSM 1975$b44937$fFAGBC 959 $aFAGBC 996 $aProgramma coordinato di sperimentazione irrigua per il Mezzogiorno$9371408 997 $aUNINA